| 000 | 00352nam a2200145Ia 4500 | ||
|---|---|---|---|
| 008 | 230312s9999||||xx |||||||||||||| ||und|| | ||
| 020 | _a81-265-5233-7 | ||
| 082 |
_a629.83 _bGOL-A |
||
| 100 | _aGolnaraghi;Farid | ||
| 245 | 0 | _aAutomatic control systems | |
| 260 |
_bWiley _auk _c2010 |
||
| 300 | _a786 | ||
| 650 |
_aEngineering _vAvionics |
||
| 942 | _cBK | ||
| 999 |
_c12385 _d12385 |
||